000 00419nam a2200145Ia 4500
008 231129s2004||||xx |||||||||||||| ||spa||
020 _a958-8160-71-5
040 _bspa
082 _a328.861 ó69c
100 _aOrjuela Ximena
245 0 _aEl congreso hace historia: Colombia 1819-1929
260 _c2004
264 _aBogotá Colombia : Villegas editores
942 _2ddc
_cBKS
999 _c10661
_d10661